[Event "43rd World Open"]
[Site "Arlington, VA"]
[Date "2015.07.05"]
[Round "8"]
[White "Studen, Damir"]
[Black "Korley, Kassa"]
[Result "0-1"]
[WhiteElo "2259"]
[BlackElo "2430"]
[PlyCount "66"]
[EventDate "2015.07.??"]
[EventType "swiss"]
[EventRounds "9"]
[EventCountry "USA"]

1. d4 d5 2. c4 dxc4 3. Nf3 Nf6 4. Nc3 c6 5. a4 Bg4 6. Ne5 Bh5 7. f3 e6 8. g4
Nd5 9. h4 f6 10. Nxc4 Bf7 11. e4 Nb4 12. Be3 N8a6 13. Na3 Bd6 14. Bc4 Qe7 15.
Qe2 Bg3+ 16. Bf2 Bxf2+ 17. Qxf2 e5 18. O-O-O O-O 19. d5 cxd5 20. Nxd5 Nxd5 21.
Bxd5 Nb4 22. Kb1 Nxd5 23. exd5 Rfd8 24. Nb5 Bxd5 25. Nc3 Bb3 26. Rxd8+ Qxd8 27.
Qe3 Qd4 28. Qe2 Rd8 29. a5 Bc4 30. Qg2 Bd3+ 31. Kc1 Qf4+ 32. Qd2 Qxf3 33. Rd1
e4 0-1

[Event "43rd World Open"]
[Site "Arlington, VA"]
[Date "2015.07.05"]
[Round "8"]
[White "Pinto, Renato"]
[Black "Santarius, Erik"]
[Result "1-0"]
[WhiteElo "2429"]
[BlackElo "2266"]
[PlyCount "135"]
[EventDate "2015.07.??"]
[EventType "swiss"]
[EventRounds "9"]
[EventCountry "USA"]

1. d4 Nf6 2. c4 e6 3. Nf3 d5 4. Nc3 Bb4 5. cxd5 exd5 6. Bg5 Nbd7 7. Qc2 c5 8.
dxc5 Qa5 9. Bd2 O-O 10. a3 Bxc3 11. Bxc3 Qxc5 12. Qd1 Ne4 13. Bd4 Qe7 14. e3
Ndc5 15. Rc1 Bg4 16. h3 Bd7 17. Be2 Rfc8 18. Bxc5 Rxc5 19. Rxc5 Qxc5 20. O-O
Rc8 21. Bd3 Bb5 22. Nd4 Bxd3 23. Qxd3 Qc4 24. Qd1 g6 25. Re1 h5 26. Qf3 Nd2 27.
Qd1 Ne4 28. Qf3 a6 29. Rd1 Qa2 30. Qe2 Qc4 31. Qe1 Qc5 32. Qe2 Qc4 33. Qe1 Kg7
34. f3 Nf6 35. Qg3 Qa4 36. Re1 Qd7 37. Qf4 Nh7 38. Rd1 Qc7 39. Qxc7 Rxc7 40. g4
hxg4 41. hxg4 Ng5 42. Rd2 Rc1+ 43. Kg2 Kf6 44. Re2 Ne6 45. Nb3 Rb1 46. Rd2 b6
47. Kg3 Ke5 48. Rc2 g5 49. Nd2 Rd1 50. Kf2 a5 51. Ke2 Rg1 52. Rc6 d4 53. Nc4+
Kd5 54. Rc8 dxe3 55. Nxb6+ Ke5 56. Kxe3 Rg2 57. b4 axb4 58. axb4 Nf4 59. Rc5+
Kf6 60. Nd5+ Nxd5+ 61. Rxd5 Rb2 62. Rf5+ Kg6 63. b5 f6 64. Kd4 Kf7 65. Kc5 Ke6
66. Kc6 Rb3 67. b6 Rc3+ 68. Rc5 1-0

[Event "43rd World Open"]
[Site "Arlington, VA"]
[Date "2015.07.05"]
[Round "8"]
[White "Tang, Andrew"]
[Black "Burke, John"]
[Result "0-1"]
[WhiteElo "2365"]
[BlackElo "2258"]
[PlyCount "90"]
[EventDate "2015.07.??"]
[EventType "swiss"]
[EventRounds "9"]
[EventCountry "USA"]

1. d4 Nf6 2. c4 g6 3. f3 Nc6 4. d5 Ne5 5. e4 d6 6. Nc3 Bg7 7. f4 Ned7 8. Nh3
O-O 9. Be2 e5 10. dxe6 fxe6 11. Be3 Qe7 12. O-O e5 13. f5 b6 14. g4 Bb7 15. Bf3
gxf5 16. gxf5 Kh8 17. Qc2 c6 18. Rad1 Rac8 19. Qd2 d5 20. cxd5 cxd5 21. exd5 e4
22. d6 Qe5 23. Be2 Rg8 24. Kh1 Bh6 25. Qd4 Bxe3 26. Qxe3 Qc5 27. Rd4 Ne5 28.
Nf2 Qxd4 29. Qxd4 Rxc3 30. bxc3 e3+ 31. Ne4 Bxe4+ 32. Rf3 Bxf3+ 33. Bxf3 Rg1+
34. Kxg1 Nxf3+ 35. Kf1 Nxd4 36. cxd4 Kg7 37. Ke2 Kh6 38. h4 Kh5 39. Kxe3 Kg4
40. d7 Nxd7 41. Ke4 h5 42. f6 Nxf6+ 43. Ke5 Ne8 44. Ke6 Kxh4 45. Kd7 Nf6+ 0-1

[Event "43rd World Open"]
[Site "Arlington, VA"]
[Date "2015.07.05"]
[Round "8"]
[White "Mekhitarian, Krikor"]
[Black "Vibbert, Sean"]
[Result "1-0"]
[WhiteElo "2589"]
[BlackElo "2360"]
[PlyCount "95"]
[EventDate "2015.07.??"]
[EventType "swiss"]
[EventRounds "9"]
[EventCountry "USA"]

1. e4 c5 2. Nf3 e6 3. d4 cxd4 4. Nxd4 Nc6 5. Nc3 Qc7 6. Be3 a6 7. g4 Ne5 8. f4
Nc4 9. Bxc4 Qxc4 10. Qf3 b5 11. O-O-O Bb7 12. Rhe1 Rc8 13. Kb1 Nf6 14. g5 b4
15. gxf6 bxc3 16. b3 Qb4 17. f5 gxf6 18. fxe6 dxe6 19. Nxe6 Rg8 20. Nf4 Be7 21.
Nd5 Bxd5 22. exd5 Qa3 23. Bc1 Qd6 24. Rd3 Rg6 25. Bf4 Qa3 26. Rxc3 Rxc3 27.
Qxc3 Kf8 28. Qd2 f5 29. d6 Bf6 30. Bh6+ Rxh6 31. Qxh6+ Bg7 32. Qc1 Qxd6 33. Qe3
Bd4 34. Rd1 Bxe3 35. Rxd6 f4 36. c4 Ke7 37. Rd5 Bg1 38. h3 f3 39. Rf5 f2 40.
Kc2 Ke6 41. Rf3 f5 42. Kd3 Ke5 43. b4 f4 44. a4 a5 45. bxa5 h6 46. a6 h5 47.
Ke2 Ke4 48. Rxf2 1-0

[Event "43rd World Open"]
[Site "Arlington, VA"]
[Date "2015.07.05"]
[Round "8"]
[White "Li, Ruifeng"]
[Black "Aikhoje, Odion"]
[Result "1-0"]
[WhiteElo "2394"]
[BlackElo "2274"]
[PlyCount "73"]
[EventDate "2015.07.??"]
[EventType "swiss"]
[EventRounds "9"]
[EventCountry "USA"]

1. e4 e6 2. d4 d5 3. Nc3 Nf6 4. Bg5 dxe4 5. Nxe4 Nbd7 6. Nxf6+ Nxf6 7. Nf3 h6
8. Bh4 c5 9. c3 Qb6 10. Qc2 cxd4 11. Nxd4 Bd7 12. Bd3 Nd5 13. O-O Bc5 14. Nf3
Bd6 15. Rfe1 Qc7 16. Bg3 Bxg3 17. hxg3 O-O 18. Ne5 Rfd8 19. Rad1 Be8 20. Ng4
Rac8 21. Qe2 Ne7 22. Ne5 Nc6 23. Nf3 Rd6 24. g4 Ne7 25. g5 hxg5 26. Nxg5 Nd5
27. Qh5 Nf6 28. Qh4 Rcd8 29. Re3 Bb5 30. Rh3 Kf8 31. Qh8+ Ng8 32. Nh7+ Ke7 33.
Qxg7 Qc5 34. Rf3 Kd7 35. Bxb5+ Qxb5 36. Rxf7+ Kc8 37. Rxd6 1-0

[Event "43rd World Open"]
[Site "Arlington, VA"]
[Date "2015.07.05"]
[Round "8"]
[White "Sohal, Tanraj"]
[Black "Shetty, Atulya"]
[Result "1/2-1/2"]
[WhiteElo "2263"]
[BlackElo "2368"]
[PlyCount "99"]
[EventDate "2015.07.??"]
[EventType "swiss"]
[EventRounds "9"]
[EventCountry "USA"]

1. d4 d5 2. c4 e6 3. Nc3 Nf6 4. Bg5 Nbd7 5. cxd5 exd5 6. e3 c6 7. Bd3 Bd6 8.
Qc2 Nf8 9. Bh4 Ng6 10. Bg3 O-O 11. Nf3 Re8 12. Bxd6 Qxd6 13. O-O Bd7 14. Rab1
Re7 15. b4 a6 16. a4 Rae8 17. b5 axb5 18. axb5 Ne4 19. bxc6 bxc6 20. Bxe4 dxe4
21. Nd2 Bf5 22. Ne2 Nh4 23. Ng3 Qd7 24. Kh1 Re6 25. Nxf5 Nxf5 26. Rg1 h5 27.
Nf1 h4 28. h3 Ne7 29. Nh2 f5 30. Qe2 g6 31. Rb3 Nd5 32. Qb2 R6e7 33. Rb8 Qa7
34. Rxe8+ Rxe8 35. Rb1 Kf7 36. Nf1 Ra8 37. Nd2 Qa6 38. Nc4 Kg7 39. Ne5 Kh6 40.
Nf7+ Kg7 41. Ne5 Kh6 42. Rc1 Qb5 43. Qd2 Qb4 44. Qc2 Ne7 45. Nxc6 Nxc6 46. Qxc6
Qb2 47. Qxa8 Qxc1+ 48. Kh2 Qc7+ 49. Kg1 Qc1+ 50. Kh2 1/2-1/2

[Event "43rd World Open"]
[Site "Arlington, VA"]
[Date "2015.07.05"]
[Round "8"]
[White "Kretchetov, Alexander"]
[Black "Adamson, Robby"]
[Result "1/2-1/2"]
[WhiteElo "2327"]
[BlackElo "2246"]
[PlyCount "91"]
[EventDate "2015.07.??"]
[EventType "swiss"]
[EventRounds "9"]
[EventCountry "USA"]

1. Nf3 Nf6 2. c4 e6 3. Nc3 d5 4. d4 Bb4 5. e3 O-O 6. Bd3 c5 7. O-O cxd4 8. exd4
dxc4 9. Bxc4 Bxc3 10. bxc3 Qc7 11. Qe2 Nbd7 12. Bb2 b6 13. Bd3 Bb7 14. c4 Qf4
15. Qe3 Qxe3 16. fxe3 Rfd8 17. a4 Rac8 18. Be2 Ne4 19. Rfc1 Rc7 20. a5 Rdc8 21.
axb6 axb6 22. Ba3 Ba6 23. Bb4 Bb7 24. Rcb1 Bc6 25. Bd3 f6 26. Nd2 Nxd2 27. Bxd2
f5 28. Rb2 Be4 29. Bf1 Kf7 30. Be1 Ra8 31. Rxa8 Bxa8 32. Ra2 Be4 33. Bg3 Rc8
34. Ra7 Ke7 35. Bc7 Ke8 36. Kf2 Ra8 37. Rxa8+ Bxa8 38. Ke1 Bc6 39. Kd2 Ke7 40.
Kc3 Nf6 41. Kd2 Kd7 42. Bxb6 Ng4 43. h3 Nh2 44. Ke1 Nxf1 45. Kxf1 Be4 46. Kf2
1/2-1/2

[Event "43rd World Open"]
[Site "Arlington, VA"]
[Date "2015.07.05"]
[Round "8"]
[White "Li, Ben"]
[Black "Aaron, Deepak"]
[Result "1/2-1/2"]
[WhiteElo "2202"]
[BlackElo "2321"]
[PlyCount "107"]
[EventDate "2015.07.??"]
[EventType "swiss"]
[EventRounds "9"]
[EventCountry "USA"]

1. d4 d5 2. Nf3 Nf6 3. c4 c6 4. Nc3 e6 5. e3 Nbd7 6. Bd3 Bd6 7. e4 dxe4 8. Nxe4
Be7 9. O-O O-O 10. Qe2 Re8 11. Re1 Nf8 12. Bd2 Nxe4 13. Bxe4 Ng6 14. Bc3 f5 15.
Bc2 Bd7 16. Rad1 Bf6 17. Ne5 Qe7 18. Qf3 Bxe5 19. dxe5 Nh4 20. Qg3 Ng6 21. Rd6
c5 22. Bd2 Bc6 23. Bg5 Qf7 24. h4 Nf8 25. Red1 Rac8 26. a3 Kh8 27. R1d2 h6 28.
Be3 a5 29. Bd1 Re7 30. h5 Nd7 31. f4 Rg8 32. Bf3 a4 33. Bxc6 bxc6 34. Rxc6 Qxh5
35. Rc7 Qf7 36. Qh4 Rge8 37. Rc6 Nb8 38. Rcd6 Rc7 39. Qf2 Nc6 40. Qe2 Na5 41.
Ra6 Ra7 42. Rdd6 Rxa6 43. Rxa6 Nb3 44. Qd3 Qb7 45. Rd6 Re7 46. Kh2 Kh7 47. Rd8
Qe4 48. Kg3 Qxd3 49. Rxd3 Rc7 50. Rd6 Na5 51. Rxe6 Nxc4 52. Bc1 Rd7 53. Kf2
Nxb2 54. Rd6 1/2-1/2

[Event "43rd World Open"]
[Site "Arlington, VA"]
[Date "2015.07.05"]
[Round "8"]
[White "Boas, Toby"]
[Black "Rohan, Ahuja"]
[Result "1/2-1/2"]
[WhiteElo "2218"]
[BlackElo "2322"]
[PlyCount "71"]
[EventDate "2015.07.??"]
[EventType "swiss"]
[EventRounds "9"]
[EventCountry "USA"]

1. d4 Nf6 2. Bg5 d5 3. Bxf6 exf6 4. e3 c5 5. c3 Nc6 6. g3 Be6 7. Bg2 Bd6 8. Ne2
cxd4 9. cxd4 Qb6 10. Nbc3 Ne7 11. O-O O-O 12. Qd2 a5 13. Qd3 a4 14. Qb5 Qc6 15.
Rac1 Rfc8 16. Nf4 Bxf4 17. gxf4 Qxb5 18. Nxb5 Rc6 19. a3 Rb6 20. Nc7 Rd8 21.
Nxe6 fxe6 22. Rc2 f5 23. Rfc1 Nc6 24. Bf1 Ra8 25. Rd2 Kf7 26. Rc5 Ra5 27. Rdc2
Ke7 28. Rxa5 Nxa5 29. Rc5 Nb3 30. Rb5 Rxb5 31. Bxb5 Nd2 32. Bxa4 Nc4 33. Bb5
Nxb2 34. Kf1 Nd1 35. Ke1 Nc3 36. Bd3 1/2-1/2

[Event "43rd World Open"]
[Site "Arlington, VA"]
[Date "2015.07.05"]
[Round "8"]
[White "Samuelson, Andrew"]
[Black "Pamatmat, Jarod"]
[Result "0-1"]
[WhiteElo "2200"]
[BlackElo "2111"]
[PlyCount "178"]
[EventDate "2015.07.??"]
[EventType "swiss"]
[EventRounds "9"]
[EventCountry "USA"]

1. e4 e6 2. d4 d5 3. Nc3 Nf6 4. Bg5 dxe4 5. Nxe4 Be7 6. Bxf6 gxf6 7. Nf3 f5 8.
Nc3 a6 9. Qe2 b5 10. O-O-O b4 11. Na4 Qd5 12. b3 Nd7 13. Qe3 Bb7 14. Bc4 Qe4
15. Rhe1 O-O-O 16. d5 Qxe3+ 17. Rxe3 Nc5 18. Nb2 Bf6 19. Nd3 exd5 20. Nxc5 dxc4
21. Rxd8+ Rxd8 22. bxc4 a5 23. g3 Bc3 24. Na4 Bg7 25. Ne5 Rd4 26. Nc5 Be4 27.
Nxf7 Rxc4 28. Nxe4 fxe4 29. Ng5 Bh6 30. h4 Bxg5 31. hxg5 Kd7 32. Re1 Rc5 33.
Rxe4 Rxg5 34. Rh4 h5 35. Kd2 Kc6 36. Rc4+ Kb6 37. Ke3 c5 38. a4 bxa3 39. Ra4
Kb5 40. Rxa3 a4 41. c3 Rg8 42. Ra1 Ra8 43. Ra3 Re8+ 44. Kd3 Rd8+ 45. Ke4 Re8+
46. Kd5 Rd8+ 47. Ke6 Rf8 48. f4 h4 49. f5 hxg3 50. f6 g2 51. Ra1 a3 52. Ke7
Rxf6 53. Kxf6 a2 54. Ke5 Kc4 55. Ke4 Kxc3 56. Rg1 c4 57. Kf3 Kb3 58. Ke3 c3 59.
Kd3 c2 60. Rc1 a1=Q 61. Rxa1 Kb2 62. Rg1 c1=Q 63. Rxg2+ Kb3 64. Re2 Qc4+ 65.
Ke3 Kc3 66. Kf3 Kd3 67. Re3+ Kd2 68. Re4 Qf1+ 69. Kg3 Kd3 70. Re8 Qf7 71. Re1
Qf5 72. Rb1 Ke2 73. Rb2+ Ke1 74. Rb4 Qe5+ 75. Kg4 Ke2 76. Rf4 Ke3 77. Rf5 Qg7+
78. Rg5 Qd7+ 79. Kh5 Kf4 80. Kh6 Qe8 81. Rg7 Kf5 82. Rf7+ Ke6 83. Rf1 Qg8 84.
Rf4 Qg3 85. Rf8 Qh4+ 86. Kg6 Qg4+ 87. Kh6 Ke7 88. Rh8 Kf7 89. Rh7+ Kf6 0-1

[Event "43rd World Open"]
[Site "Arlington, VA"]
[Date "2015.07.05"]
[Round "8"]
[White "Holt, Conrad"]
[Black "Song, Michael"]
[Result "1-0"]
[WhiteElo "2546"]
[BlackElo "2316"]
[PlyCount "75"]
[EventDate "2015.07.??"]
[EventType "swiss"]
[EventRounds "9"]
[EventCountry "USA"]

1. d4 e6 2. c4 f5 3. g3 Nf6 4. Bg2 Be7 5. Nf3 O-O 6. O-O d6 7. Nc3 Ne4 8. Nxe4
fxe4 9. Nd2 d5 10. f3 Nc6 11. fxe4 Rxf1+ 12. Nxf1 dxc4 13. Be3 Bd7 14. e5 Rb8
15. Qc2 b5 16. Be4 g6 17. a3 Be8 18. Rd1 Bg5 19. Qd2 Bxe3+ 20. Nxe3 Qg5 21.
Nxc4 Qxd2 22. Nxd2 Nxd4 23. Nf3 Nxf3+ 24. exf3 Rc8 25. Kf2 a5 26. Ke3 Kf7 27.
h4 c5 28. Rd6 c4 29. Ra6 c3 30. Ra7+ Kg8 31. bxc3 Bc6 32. Bd3 Bd5 33. Kd4 Rd8
34. Bxb5 Bc6+ 35. Kc5 Bxf3 36. Bd7 Bg4 37. Kd6 Kf8 38. c4 1-0

[Event "43rd World Open"]
[Site "Arlington, VA"]
[Date "2015.07.05"]
[Round "8"]
[White "Troff, Kayden"]
[Black "Yeager, Daniel"]
[Result "1-0"]
[WhiteElo "2545"]
[BlackElo "2306"]
[PlyCount "67"]
[EventDate "2015.07.??"]
[EventType "swiss"]
[EventRounds "9"]
[EventCountry "USA"]

1. d4 Nf6 2. c4 e6 3. Nf3 Bb4+ 4. Nbd2 b6 5. a3 Bxd2+ 6. Qxd2 Bb7 7. e3 O-O 8.
Be2 d6 9. O-O Nbd7 10. b4 Qe7 11. Bb2 c5 12. Rfd1 cxd4 13. exd4 Rac8 14. Qe3
Ba6 15. b5 Bb7 16. a4 Qd8 17. Ba3 Qc7 18. Rac1 Rfe8 19. Nh4 Be4 20. f3 Bb7 21.
Qf4 e5 22. dxe5 dxe5 23. Qe3 Nc5 24. Nf5 Re6 25. Rd2 g6 26. Qg5 Nb3 27. Bd6 Qd8
28. Rcd1 Nxd2 29. Rxd2 Nd7 30. Be7 Qe8 31. c5 f6 32. Bc4 fxg5 33. Bxe6+ Kh8 34.
Rxd7 1-0

[Event "43rd World Open"]
[Site "Arlington, VA"]
[Date "2015.07.05"]
[Round "8"]
[White "Esserman, Marc"]
[Black "Hua, David"]
[Result "0-1"]
[WhiteElo "2406"]
[BlackElo "2301"]
[PlyCount "44"]
[EventDate "2015.07.??"]
[EventType "swiss"]
[EventRounds "9"]
[EventCountry "USA"]

1. d4 Nf6 2. c4 e6 3. Nc3 Bb4 4. e3 c5 5. Nge2 b6 6. a3 Ba5 7. Rb1 Na6 8. Qa4
Bb7 9. b4 Bc6 10. b5 Be4 11. Ra1 cxd4 12. exd4 Nc7 13. Bd2 Bb7 14. Rg1 a6 15.
bxa6 Rxa6 16. Qb3 O-O 17. g4 d5 18. c5 Qa8 19. g5 Nd7 20. Nf4 bxc5 21. Bxa6
Bxa6 22. Qa4 Bb5 0-1

[Event "43rd World Open"]
[Site "Arlington, VA"]
[Date "2015.07.05"]
[Round "9.1"]
[White "Ipatov, Alexander"]
[Black "Mamedov, Rauf"]
[Result "1/2-1/2"]
[WhiteElo "2615"]
[BlackElo "2639"]
[PlyCount "47"]
[EventDate "2015.07.??"]
[EventType "swiss"]
[EventRounds "9"]
[EventCountry "USA"]
[WhiteClock "1:58:32"]
[BlackClock "1:51:18"]

1. e4 c5 2. Nf3 Nc6 3. d4 cxd4 4. Nxd4 Nf6 5. Nc3 e5 6. Ndb5 d6 7. Bg5 a6 8.
Na3 b5 9. Bxf6 gxf6 10. Nd5 f5 11. c3 Bg7 12. exf5 Bxf5 13. Nc2 O-O 14. Nce3
Be6 15. Bd3 f5 16. Bc2 f4 17. Qh5 Rf7 18. Bxh7+ Kf8 19. Bf5 Qe8 20. Bxe6 Qxe6
21. Qg4 Qh6 22. Nf5 Qe6 23. Nfe3 Qh6 24. Nf5 1/2-1/2

[Event "43rd World Open"]
[Site "Arlington, VA"]
[Date "2015.07.05"]
[Round "9.2"]
[White "Lenderman, Aleksandr"]
[Black "Ghaem Maghami, Ehsan"]
[Result "1/2-1/2"]
[WhiteElo "2623"]
[BlackElo "2570"]
[PlyCount "30"]
[EventDate "2015.07.??"]
[EventType "swiss"]
[EventRounds "9"]
[EventCountry "USA"]
[WhiteClock "1:23:31"]
[BlackClock "0:58:40"]

1. c4 Nf6 2. Nf3 e6 3. g3 a6 4. Bg2 b5 5. b3 c5 6. O-O Bb7 7. Nc3 Qb6 8. Re1
Nc6 9. e4 d6 10. Bb2 Be7 11. d3 O-O 12. Ng5 h6 13. Nh3 Nd7 14. f4 Nd4 15. Rb1
Rab8 1/2-1/2

[Event "43rd World Open"]
[Site "Arlington, VA"]
[Date "2015.07.05"]
[Round "9.3"]
[White "Azarov, Sergei"]
[Black "Kamsky, Gata"]
[Result "1/2-1/2"]
[WhiteElo "2618"]
[BlackElo "2672"]
[PlyCount "82"]
[EventDate "2015.07.??"]
[EventType "swiss"]
[EventRounds "9"]
[EventCountry "USA"]
[WhiteClock "0:04:06"]
[BlackClock "0:30:38"]

1. e4 e5 2. Nf3 Nc6 3. Bc4 Bc5 4. O-O Nf6 5. d4 exd4 6. e5 d5 7. exf6 dxc4 8.
fxg7 Rg8 9. Bg5 Be7 10. Bxe7 Nxe7 11. Qxd4 Qxd4 12. Nxd4 Rxg7 13. Re1 Bh3 14.
g3 Rd8 15. c3 c5 16. Nf3 Kf8 17. Na3 f6 18. Nxc4 Nd5 19. a4 b6 20. Rad1 Rgd7
21. Rd2 a6 22. Nh4 b5 23. axb5 axb5 24. Na3 b4 25. cxb4 Nxb4 26. Rxd7 Rxd7 27.
Ng2 Nd3 28. Rb1 Ne5 29. Nf4 Nf3+ 30. Kh1 Bf5 31. Rc1 Rd2 32. Kg2 Ne5 33. Nc4
Be4+ 34. Kf1 Nxc4 35. Rxc4 Bf3 36. Rc1 Rxb2 37. Ne6+ Kf7 38. Nxc5 Rd2 39. Ke1
Re2+ 40. Kf1 Rd2 41. Re1 Rd6 1/2-1/2

[Event "43rd World Open"]
[Site "Arlington, VA"]
[Date "2015.07.05"]
[Round "9.4"]
[White "Smirin, Ilya"]
[Black "Avrukh, Boris"]
[Result "1-0"]
[WhiteElo "2663"]
[BlackElo "2605"]
[PlyCount "87"]
[EventDate "2015.07.??"]
[EventType "swiss"]
[EventRounds "9"]
[EventCountry "USA"]
[WhiteClock "0:39:04"]
[BlackClock "0:16:32"]

1. e4 c5 2. Nf3 e6 3. d4 cxd4 4. Nxd4 Nc6 5. Nc3 Qc7 6. f4 Nxd4 7. Qxd4 a6 8.
Be3 b5 9. O-O-O Bb7 10. Be2 Rc8 11. Rd2 Nf6 12. Bf3 Bc5 13. Qd3 Bxe3 14. Qxe3
b4 15. Ne2 O-O 16. Nd4 Rfe8 17. Re1 e5 18. fxe5 Qxe5 19. Nf5 d5 20. g4 dxe4 21.
Qb6 Qb5 22. Qxb5 axb5 23. Be2 Ra8 24. Kb1 Re5 25. Rd4 h5 26. h3 hxg4 27. hxg4
g6 28. Nd6 Rd5 29. Red1 Bc6 30. Nxe4 Nxe4 31. Rxd5 Bxd5 32. Rxd5 Nf2 33. Re5
Kg7 34. g5 Rh8 35. Kc1 Rh2 36. Bxb5 Nh3 37. a4 bxa3 38. bxa3 Rg2 39. a4 Nxg5
40. a5 Kf6 41. a6 Kxe5 42. a7 Rg1+ 43. Kb2 Rg4 44. a8=Q 1-0

[Event "43rd World Open"]
[Site "Arlington, VA"]
[Date "2015.07.05"]
[Round "9"]
[White "Bachmann, Axel"]
[Black "Panchanathan, Magesh"]
[Result "1-0"]
[WhiteElo "2633"]
[BlackElo "2541"]
[PlyCount "136"]
[EventDate "2015.07.??"]
[EventType "swiss"]
[EventRounds "9"]
[EventCountry "USA"]

1. Nf3 Nf6 2. c4 e6 3. Nc3 Bb4 4. Qc2 b6 5. a3 Bxc3 6. Qxc3 Bb7 7. b3 d6 8. Bb2
Nbd7 9. e3 Qe7 10. Be2 a5 11. O-O O-O 12. d4 Ne4 13. Qc2 h6 14. Rfd1 f5 15. b4
Ng5 16. d5 Nxf3+ 17. Bxf3 e5 18. Rac1 Bc8 19. Qa4 Bb7 20. Qb3 Ba6 21. g3 e4 22.
Be2 Ne5 23. Rd2 Rfe8 24. Bxe5 Qxe5 25. bxa5 bxa5 26. Qa4 Reb8 27. Bf1 Qe7 28.
Rdc2 Kh7 29. h4 Qf7 30. Rc3 Bc8 31. c5 Qxd5 32. Bc4 Qe5 33. Qc6 dxc5 34. h5 Qd6
35. Qd5 Bd7 36. Rd1 Qxd5 37. Rxd5 Rb1+ 38. Kg2 Ba4 39. Rxf5 Bd1 40. Kh3 Rd8 41.
Bf7 Be2 42. Bg6+ Kg8 43. g4 Rh1+ 44. Kg2 Rdd1 45. Kg3 c4 46. Rc2 Rhg1+ 47. Kf4
Rxg4+ 48. Ke5 Bf1 49. Bf7+ Kh7 50. Bxc4 Bxc4 51. Rxc4 Rd7 52. Ke6 Rd6+ 53. Ke5
Rd7 54. Rc5 Re7+ 55. Kd4 a4 56. Rce5 Rd7+ 57. Kc5 Rd2 58. Kb4 Rg2 59. Kxa4
Rgxf2 60. Rxf2 Rxf2 61. Kb3 Rh2 62. a4 Rh3 63. Rxe4 Rxh5 64. Kb4 Rh1 65. a5 Ra1
66. Kb5 g5 67. a6 h5 68. Ra4 Rb1+ 1-0

[Event "43rd World Open"]
[Site "Arlington, VA"]
[Date "2015.07.05"]
[Round "9"]
[White "Stripunsky, Alexander"]
[Black "Nyzhnyk, Illia"]
[Result "0-1"]
[WhiteElo "2561"]
[BlackElo "2627"]
[PlyCount "88"]
[EventDate "2015.07.??"]
[EventType "swiss"]
[EventRounds "9"]
[EventCountry "USA"]

1. d4 Nf6 2. Nf3 g6 3. Nc3 d5 4. Bf4 Bg7 5. e3 O-O 6. Be2 Nbd7 7. Ne5 c6 8. O-O
Ne8 9. Nd3 Nd6 10. Nb1 Re8 11. Nd2 f6 12. h3 e5 13. Bh2 Qe7 14. c3 Nf8 15. Re1
Bf5 16. Bf1 Rad8 17. Qa4 a6 18. Nc5 Kh8 19. Rad1 Bc8 20. Qb4 Qc7 21. Nf3 a5 22.
Qb3 b6 23. Na4 Nd7 24. Qc2 b5 25. Nc5 Nxc5 26. dxc5 Nc4 27. Qc1 a4 28. b3 Na5
29. Nd2 Qf7 30. e4 d4 31. b4 dxc3 32. Qxc3 Nb7 33. a3 Bh6 34. Nf3 Kg8 35. Be2
Qb3 36. Qa1 Be6 37. Bg3 Bc4 38. Rb1 Qc2 39. Bxc4+ bxc4 40. Rb2 Qd3 41. Qa2 Kg7
42. Rc2 Qb3 43. Ra1 Re7 44. Rxc4 Rd1+ 0-1

[Event "43rd World Open"]
[Site "Arlington, VA"]
[Date "2015.07.05"]
[Round "9"]
[White "McShane, Luke"]
[Black "Georgiadis, Nico"]
[Result "1-0"]
[WhiteElo "2685"]
[BlackElo "2482"]
[PlyCount "91"]
[EventDate "2015.07.??"]
[EventType "swiss"]
[EventRounds "9"]
[EventCountry "USA"]

1. d4 Nf6 2. c4 e6 3. Nc3 Bb4 4. e3 d5 5. cxd5 exd5 6. Bd3 c5 7. Nge2 O-O 8.
O-O Nc6 9. f3 Re8 10. Kh1 h6 11. Rg1 cxd4 12. exd4 Be6 13. g4 Qd7 14. Qe1 Nh7
15. Qg3 Bd6 16. Qg2 f6 17. f4 Rad8 18. f5 Bf7 19. h4 Kh8 20. Bd2 Bb8 21. Raf1
Re7 22. g5 Bh5 23. gxh6 a6 24. Rf2 b5 25. hxg7+ Rxg7 26. Qxg7+ Qxg7 27. Rxg7
Kxg7 28. Nf4 Bxf4 29. Rxf4 Nf8 30. Kg1 Nd7 31. Ne2 Nb6 32. b3 Nc8 33. Ng3 Bf7
34. Rg4+ Kh7 35. Kf2 Nd6 36. Be3 Nb4 37. Bb1 Rc8 38. Bf4 Ne8 39. Ne2 Bh5 40.
Rg1 Nxa2 41. Ng3 Bf7 42. Bxa2 Rc2+ 43. Kf3 Rxa2 44. Re1 Ng7 45. h5 Nxh5 46. Rh1
1-0

[Event "43rd World Open"]
[Site "Arlington, VA"]
[Date "2015.07.05"]
[Round "9"]
[White "Kovalyov, Anton"]
[Black "Hungaski, Robert"]
[Result "1-0"]
[WhiteElo "2613"]
[BlackElo "2470"]
[PlyCount "147"]
[EventDate "2015.07.??"]
[EventType "swiss"]
[EventRounds "9"]
[EventCountry "USA"]

1. Nf3 Nf6 2. c4 e6 3. g3 a6 4. b3 b5 5. Nc3 b4 6. Na4 Bb7 7. d4 d6 8. Bg2 Nbd7
9. O-O Be7 10. d5 exd5 11. Nh4 Ne4 12. cxd5 Bf6 13. Rb1 Ndc5 14. Nxc5 Nxc5 15.
Be3 O-O 16. Rc1 Bc3 17. Bd4 Bxd4 18. Qxd4 a5 19. Nf5 Qf6 20. Qxf6 gxf6 21. Nd4
Rfe8 22. Rc2 Ra6 23. Rfc1 Rb6 24. e4 Nd3 25. Rb1 Nc5 26. f3 Ra8 27. Bf1 c6 28.
dxc6 Bxc6 29. Nf5 Bd7 30. Ne7+ Kg7 31. Nd5 Rb7 32. Ne3 Be6 33. Bc4 a4 34. g4
axb3 35. axb3 Ra3 36. Nd5 Bxd5 37. Bxd5 Rba7 38. Kg2 Ra2 39. Rbb2 Rxb2 40. Rxb2
Ra3 41. Kg3 Kf8 42. h4 h6 43. Rb1 Ke7 44. Kf4 Ra2 45. h5 Nd3+ 46. Ke3 Nc5 47.
Kf4 Nd3+ 48. Kg3 Rc2 49. Ra1 Ne5 50. Ra7+ Kd8 51. f4 Rc3+ 52. Kg2 Nxg4 53. Bxf7
Ne3+ 54. Kg1 f5 55. exf5 Nxf5 56. Rb7 Rc7 57. Rb8+ Ke7 58. Bg6 Nh4 59. Be4 Rc5
60. Kf2 d5 61. Bh7 Rc3 62. Rxb4 Kd6 63. Ke2 Kc5 64. Rb8 Rf3 65. b4+ Kd4 66. f5
Re3+ 67. Kd1 Kc3 68. Rc8+ Kxb4 69. f6 Rf3 70. Rf8 Kc5 71. f7 Kd6 72. Bg6 Rf1+
73. Ke2 Nxg6 74. hxg6 1-0

[Event "43rd World Open"]
[Site "Arlington, VA"]
[Date "2015.07.05"]
[Round "9"]
[White "Korley, Kassa"]
[Black "Zhou, Jianchao"]
[Result "1/2-1/2"]
[WhiteElo "2430"]
[BlackElo "2601"]
[PlyCount "79"]
[EventDate "2015.07.??"]
[EventType "swiss"]
[EventRounds "9"]
[EventCountry "USA"]

1. Nf3 c5 2. g3 Nc6 3. Bg2 g6 4. O-O Bg7 5. c3 e5 6. d4 cxd4 7. cxd4 exd4 8.
Na3 Nge7 9. Bf4 d5 10. Nb5 O-O 11. Nbxd4 Qb6 12. Nxc6 bxc6 13. Bd6 Re8 14. Ba3
Bf5 15. Qd2 c5 16. Rac1 Rac8 17. Ng5 h6 18. e4 Bd7 19. Nh3 d4 20. Nf4 c4 21.
Bxe7 Rxe7 22. Nd5 Qd6 23. Nxe7+ Qxe7 24. f4 c3 25. bxc3 dxc3 26. Qe3 Qb4 27. e5
Bf8 28. Kh1 Qa5 29. Be4 Ba3 30. Rc2 Ba4 31. Rd1 Bxc2 32. Bxc2 Be7 33. e6 f5 34.
Rd7 Qxa2 35. Rxe7 Qxc2 36. Qxa7 Qe4+ 37. Kg1 Qe1+ 38. Kg2 Qe2+ 39. Kg1 Qe1+ 40.
Kg2 1/2-1/2

[Event "43rd World Open"]
[Site "Arlington, VA"]
[Date "2015.07.05"]
[Round "9"]
[White "Hilby, Craig"]
[Black "Debs, Felipe"]
[Result "0-1"]
[WhiteElo "2308"]
[BlackElo "2515"]
[PlyCount "104"]
[EventDate "2015.07.??"]
[EventType "swiss"]
[EventRounds "9"]
[EventCountry "USA"]

1. e4 c5 2. Nf3 g6 3. d4 cxd4 4. Qxd4 Nf6 5. Nc3 Nc6 6. Qa4 d6 7. e5 dxe5 8.
Nxe5 Bd7 9. Nxd7 Nxd7 10. Bb5 Bg7 11. O-O O-O 12. Rd1 Qc8 13. Nd5 Re8 14. c3 a6
15. Bxc6 bxc6 16. Nb4 Ne5 17. Bf4 a5 18. Nd3 Nd7 19. Be3 Qc7 20. h3 Nb6 21. Qc2
a4 22. Rac1 Nd5 23. Bd2 e5 24. c4 Ne7 25. Nc5 Nf5 26. Bc3 Qa7 27. Ne4 Nd4 28.
Bxd4 exd4 29. c5 Qa6 30. Nd6 Re2 31. Qc4 Qxc4 32. Nxc4 a3 33. bxa3 Rxa2 34. Rb1
Rc2 35. Rbc1 Rc3 36. f4 Ra4 37. Ne5 Rxc1 38. Rxc1 Bxe5 39. fxe5 Rxa3 40. Rc4
Re3 41. Rxd4 Rxe5 42. Rc4 f5 43. Kf2 Kf7 44. Rh4 Kg7 45. Rc4 g5 46. Kf3 Kf6 47.
h4 h6 48. Rd4 Rd5 49. Rxd5 cxd5 50. hxg5+ hxg5 51. g3 d4 52. Ke2 f4 0-1